[Event "North Urals Cup Women's Tournament 2008"]
[Site "Krasnoturinsk RUS"]
[Date "2008.07.27"]
[Round "1.1"]
[White "Cramling, Pia"]
[Black "Muzychuk, Anna"]
[Result "1/2-1/2"]
[WhiteElo "2544"]
[BlackElo "2504"]
[PlyCount "90"]
[EventDate "2008.07.27"]
[EventType "tourn"]
[EventRounds "7"]
[EventCountry "RUS"]
[EventCategory "11"]
[Source "lmi"]
[SourceDate "2008.07.27"]

1. d4 f5 2. Nf3 Nf6 3. g3 g6 4. c4 Bg7 5. b4 c6 6. Bb2 a5 7. a3 axb4 8. axb4
Rxa1 9. Bxa1 Na6 10. Qb3 Qb6 11. Bc3 d6 12. Nfd2 Be6 13. Bg2 O-O 14. O-O Nc7
15. Qb2 Qa6 16. Na3 b5 17. Ra1 Qb7 18. Nb3 Ne4 19. Na5 Qb6 20. c5 Qa6 21. Nc2
Nd5 22. Be1 Nef6 23. e3 Qc8 24. f3 Qd7 25. Nb3 g5 26. Ra6 Nc7 27. Ra7 Ra8 28.
Rxa8+ Nxa8 29. e4 fxe4 30. fxe4 Nc7 31. Ne3 Ng4 32. Nxg4 Bxg4 33. Bc3 Bh3 34.
Bxh3 Qxh3 35. d5 Bxc3 36. Qxc3 dxc5 37. Nxc5 cxd5 38. Qe5 Qh5 39. Qxc7 Qd1+ 40.
Kf2 Qd2+ 41. Kf3 Qd1+ 42. Ke3 d4+ 43. Kf2 Qd2+ 44. Kf1 Qd1+ 45. Kf2 Qd2+
1/2-1/2

[Event "North Urals Cup Women's Tournament 2008"]
[Site "Krasnoturinsk RUS"]
[Date "2008.07.27"]
[Round "1.2"]
[White "Xu Yuhua"]
[Black "Sebag, Marie"]
[Result "1/2-1/2"]
[WhiteElo "2483"]
[BlackElo "2529"]
[PlyCount "140"]
[EventDate "2008.07.27"]
[EventType "tourn"]
[EventRounds "7"]
[EventCountry "RUS"]
[EventCategory "11"]
[Source "lmi"]
[SourceDate "2008.07.27"]

1. e4 c5 2. Nf3 Nc6 3. Bb5 d6 4. O-O Bd7 5. Re1 Nf6 6. c3 a6 7. Ba4 b5 8. Bc2
Bg4 9. a4 Rb8 10. axb5 axb5 11. d4 cxd4 12. cxd4 e5 13. Be3 exd4 14. Bxd4 Be7
15. Nc3 O-O 16. Bb3 b4 17. Nd5 Nxd5 18. Bxd5 Nxd4 19. Qxd4 Bxf3 20. gxf3 Bg5
21. e5 dxe5 22. Qxe5 Bf6 23. Qe4 Bxb2 24. Ra7 Bc3 25. Re3 b3 26. Rxc3 b2 27.
Ba2 Qg5+ 28. Kf1 Qc1+ 29. Qe1 Qxe1+ 30. Kxe1 b1=Q+ 31. Bxb1 Rxb1+ 32. Ke2 Rh1
33. Rac7 Rxh2 34. Kf1 g6 35. Rc8 Rh4 36. Kg2 Rf4 37. Kg3 g5 38. R3c5 h6 39.
Rxf8+ Kxf8 40. Ra5 Kg7 41. Rb5 f6 42. Ra5 h5 43. Ra3 Kg6 44. Rb3 Rd4 45. Rb5
Kf7 46. Rb6 Rd5 47. Ra6 Kg6 48. Ra4 Kf5 49. Rb4 Rd3 50. Kg2 Ke5 51. Re4+ Kf5
52. Ra4 Rd2 53. Ra5+ Ke6 54. Ra4 f5 55. f4 g4 56. Kg3 Rd3+ 57. Kh4 Rf3 58. Kxh5
Rxf2 59. Kg5 g3 60. Ra6+ Kd5 61. Kxf5 Rf3 62. Rg6 Kd4 63. Rg4 Ke3 64. Ke6 Kf2
65. f5 Re3+ 66. Kd7 Rf3 67. Ke6 g2 68. f6 Re3+ 69. Kd7 Rd3+ 70. Ke6 g1=Q
1/2-1/2

[Event "North Urals Cup Women's Tournament 2008"]
[Site "Krasnoturinsk RUS"]
[Date "2008.07.27"]
[Round "1.4"]
[White "Pogonina, Natalya"]
[Black "Ushenina, Anna"]
[Result "1/2-1/2"]
[WhiteElo "2469"]
[BlackElo "2476"]
[PlyCount "66"]
[EventDate "2008.07.27"]
[EventType "tourn"]
[EventRounds "7"]
[EventCountry "RUS"]
[EventCategory "11"]
[Source "lmi"]
[SourceDate "2008.07.27"]

1. e4 c6 2. d4 d5 3. Nc3 dxe4 4. Nxe4 Bf5 5. Ng3 Bg6 6. h4 h6 7. Nf3 Nd7 8. h5
Bh7 9. Bd3 Bxd3 10. Qxd3 e6 11. Bd2 Ngf6 12. O-O-O Be7 13. Kb1 O-O 14. Qe2 Qb6
15. c4 Rfe8 16. Ne5 Rad8 17. Bc3 c5 18. Nxd7 Nxd7 19. Ne4 cxd4 20. Bxd4 Qc6 21.
Qg4 e5 22. Bc3 Nf6 23. Nxf6+ Bxf6 24. f3 Rc8 25. Rd7 e4 26. Bxf6 Qxf6 27. fxe4
Rxc4 28. Qf3 Qe6 29. Rxb7 Rxe4 30. Rc1 a5 31. Rbc7 a4 32. a3 Re2 33. R7c2 Re3
1/2-1/2

[Event "North Urals Cup Women's Tournament 2008"]
[Site "Krasnoturinsk RUS"]
[Date "2008.07.28"]
[Round "2.1"]
[White "Muzychuk, Anna"]
[Black "Ushenina, Anna"]
[Result "0-1"]
[WhiteElo "2504"]
[BlackElo "2476"]
[PlyCount "158"]
[EventDate "2008.07.27"]
[EventType "tourn"]
[EventRounds "7"]
[EventCountry "RUS"]
[EventCategory "11"]
[Source "lmi"]
[SourceDate "2008.07.27"]

1. e4 c6 2. d4 d5 3. e5 c5 4. dxc5 Nc6 5. Nf3 Bg4 6. Bb5 e6 7. b4 Nge7 8. Nbd2
g6 9. h3 Bxf3 10. Nxf3 Bg7 11. Rb1 O-O 12. Bf4 a5 13. a3 Qc7 14. O-O axb4 15.
axb4 Rfb8 16. c4 Rd8 17. Qe2 dxc4 18. Qxc4 Nxe5 19. Qe4 Nxf3+ 20. Qxf3 e5 21.
Bg5 h6 22. Be3 f5 23. Rfd1 Nc6 24. h4 e4 25. Qf4 Ne5 26. Bc4+ Kh8 27. h5 g5 28.
Qxf5 Nxc4 29. Qxe4 Nxe3 30. Qxe3 Qf7 31. Rd6 Re8 32. Qd3 Re7 33. Qg6 Qa2 34.
Rbd1 Rf8 35. R6d2 Re1+ 36. Kh2 Qe6 37. Qxe6 Rxe6 38. Rd7 b6 39. Rb7 bxc5 40.
bxc5 Rxf2 41. Rdd7 Bf8 42. Rd8 Kg8 43. Rb6 Rff6 44. Rbb8 Rc6 45. Rbc8 Rxc8 46.
Rxc8 Rf5 47. c6 Rc5 48. Kg3 Rc4 49. Kf3 Kf7 50. Ke3 Bd6 51. Kd3 Rc1 52. Ke4 Ke6
53. Rh8 Rc4+ 54. Kd3 Rxc6 55. Rxh6+ Kf5 56. Rg6 Rc1 57. Ke3 Bf4+ 58. Kf2 Kg4
59. h6 Rc2+ 60. Kf1 Rc1+ 61. Kf2 Bg3+ 62. Ke2 Re1+ 63. Kd3 Bf4 64. h7 Rh1 65.
Rg7 Kg3 66. Ke4 Kxg2 67. Kf5 Kf3 68. Rb7 g4 69. Rb1 Rh5+ 70. Kg6 Rh2 71. Rb3+
Ke4 72. Rb4+ Kf3 73. Rb3+ Be3 74. Kg7 Ke4 75. Kg8 Bd4 76. Rg3 Kf4 77. Rd3 Be5
78. Rd7 g3 79. Rf7+ Ke4 0-1

[Event "North Urals Cup Women's Tournament 2008"]
[Site "Krasnoturinsk RUS"]
[Date "2008.07.28"]
[Round "2.3"]
[White "Sebag, Marie"]
[Black "Koneru, Humpy"]
[Result "1-0"]
[WhiteElo "2529"]
[BlackElo "2622"]
[PlyCount "103"]
[EventDate "2008.07.27"]
[EventType "tourn"]
[EventRounds "7"]
[EventCountry "RUS"]
[EventCategory "11"]
[Source "lmi"]
[SourceDate "2008.07.27"]

1. e4 e5 2. Nf3 Nc6 3. Bb5 a6 4. Ba4 Nf6 5. O-O Be7 6. Re1 b5 7. Bb3 d6 8. c3
O-O 9. h3 Na5 10. Bc2 c5 11. d4 Qc7 12. Nbd2 cxd4 13. cxd4 Nc6 14. Nb3 a5 15.
Be3 a4 16. Nbd2 Bd7 17. Rc1 Qb7 18. Qe2 Rab8 19. Bd3 exd4 20. Nxd4 Ne5 21. Bb1
Rfe8 22. f4 Ng6 23. Nf5 Bxf5 24. exf5 Bd8 25. Qf2 Ne7 26. Bd4 Bb6 27. Ne4 Bxd4
28. Qxd4 Nxe4 29. Bxe4 d5 30. Bd3 Qd7 31. f6 Nc6 32. Qc5 gxf6 33. Bxb5 Rxe1+
34. Rxe1 Qa7 35. Qxa7 Nxa7 36. Bxa4 Rxb2 37. Re7 Nb5 38. Rb7 Rb1+ 39. Kf2 Nc3
40. Rxb1 Nxb1 41. Bb3 Nc3 42. Ke3 Kf8 43. Kd3 Nb5 44. Bxd5 Ke7 45. a4 Na7 46.
Kc4 Nc8 47. Kc5 Kd7 48. a5 Kc7 49. a6 Kb8 50. Bxf7 Ka7 51. Bc4 Ne7 52. Bd3 1-0

[Event "North Urals Cup Women's Tournament 2008"]
[Site "Krasnoturinsk RUS"]
[Date "2008.07.28"]
[Round "2.4"]
[White "Cramling, Pia"]
[Black "Xu Yuhua"]
[Result "0-1"]
[WhiteElo "2544"]
[BlackElo "2483"]
[PlyCount "114"]
[EventDate "2008.07.27"]
[EventType "tourn"]
[EventRounds "7"]
[EventCountry "RUS"]
[EventCategory "11"]
[Source "lmi"]
[SourceDate "2008.07.27"]

1. d4 Nf6 2. Nf3 e6 3. c4 b6 4. Nc3 Bb4 5. Qb3 c5 6. Bg5 Bb7 7. a3 Ba5 8. dxc5
Na6 9. c6 dxc6 10. Qc2 c5 11. Rd1 Qc7 12. e3 Be4 13. Bd3 Bxd3 14. Rxd3 O-O 15.
Bxf6 gxf6 16. Ke2 Bxc3 17. Qxc3 Qe7 18. Nd2 f5 19. g4 fxg4 20. h3 f5 21. Qe5
Rad8 22. Rxd8 Rxd8 23. hxg4 Qd7 24. Qc3 Qg7 25. gxf5 exf5 26. Qc2 Rf8 27. Nf3
Kh8 28. Rh5 h6 29. Qd2 Nc7 30. Qd6 Rf6 31. Qd8+ Kh7 32. Qd3 Qg6 33. Rh3 Ne6 34.
Ne5 Qe8 35. f4 Qd8 36. Qc2 Ng7 37. Rh1 Qa8 38. Rg1 Qe4 39. Qxe4 fxe4 40. Rd1 h5
41. Rd7 a5 42. Nf7 h4 43. Kf2 Kg6 44. Ng5 Nf5 45. Nxe4 Re6 46. Ng5 Rxe3 47. Nf3
Rb3 48. Ne5+ Kf6 49. Rd2 Ng3 50. Kg2 Kf5 51. Nf3 Kg4 52. Ne5+ Kxf4 53. Ng6+ Kg5
54. Ne5 h3+ 55. Kg1 Re3 56. Rd5 Nf5 57. Nd3 Re2 0-1

[Event "North Urals Cup Women's Tournament 2008"]
[Site "Krasnoturinsk RUS"]
[Date "2008.07.29"]
[Round "3.1"]
[White "Xu Yuhua"]
[Black "Muzychuk, Anna"]
[Result "1/2-1/2"]
[WhiteElo "2483"]
[BlackElo "2504"]
[PlyCount "35"]
[EventDate "2008.07.27"]
[EventType "tourn"]
[EventRounds "7"]
[EventCountry "RUS"]
[EventCategory "11"]
[Source "lmi"]
[SourceDate "2008.07.27"]

1. e4 d5 2. exd5 Nf6 3. d4 Bg4 4. Be2 Bxe2 5. Qxe2 Qxd5 6. Nf3 e6 7. c4 Qe4 8.
Qxe4 Nxe4 9. O-O c6 10. Re1 Nf6 11. Nc3 Bb4 12. Bd2 O-O 13. a3 Bd6 14. b4 Nbd7
15. Rab1 Rfd8 16. h3 h6 17. a4 e5 18. dxe5 1/2-1/2

[Event "North Urals Cup Women's Tournament 2008"]
[Site "Krasnoturinsk RUS"]
[Date "2008.07.29"]
[Round "3.3"]
[White "Pogonina, Natalya"]
[Black "Sebag, Marie"]
[Result "1/2-1/2"]
[WhiteElo "2469"]
[BlackElo "2530"]
[PlyCount "234"]
[EventDate "2008.07.27"]
[EventType "tourn"]
[EventRounds "7"]
[EventCountry "RUS"]
[EventCategory "11"]
[Source "lmi"]
[SourceDate "2008.07.27"]

1. e4 c5 2. Nf3 Nc6 3. d4 cxd4 4. Nxd4 Nf6 5. Nc3 e5 6. Ndb5 d6 7. a4 a6 8. Na3
Bg4 9. f3 Be6 10. Bc4 Nb4 11. Bg5 Rc8 12. Bb3 Be7 13. O-O O-O 14. Kh1 h6 15.
Bxf6 Bxf6 16. Nd5 Nxd5 17. Bxd5 Qb6 18. b3 Rfd8 19. Nc4 Qb4 20. a5 Bxd5 21.
exd5 Rc5 22. Re1 Rb5 23. Ra4 Qc5 24. Nb6 Qc3 25. Ree4 Rc5 26. Rac4 Qxa5 27. b4
Qxb6 28. bxc5 dxc5 29. h3 Qd6 30. Qg1 Rc8 31. Rc3 b5 32. Rd3 c4 33. Rd1 Rc5 34.
Ree1 a5 35. Qe3 Rxd5 36. Rxd5 Qxd5 37. Qe2 b4 38. Rd1 Qc6 39. Qe1 Qb5 40. Qe4
b3 41. Qa8+ Kh7 42. Qe4+ g6 43. Rd5 Qc6 44. cxb3 cxb3 45. Rxa5 Qc1+ 46. Kh2 Bg5
47. Qd5 Kg7 48. Ra7 Bf4+ 49. g3 Qc2+ 50. Kh1 Qf5 51. gxf4 b2 52. Rxf7+ Qxf7 53.
Qxe5+ Qf6 54. Qc7+ Kh8 55. Qb8+ Kh7 56. Qb4 h5 57. Kg2 h4 58. Kf2 Kh6 59. Kg2
g5 60. f5 Kh7 61. Qb7+ Qg7 62. Qb3 Qc7 63. Qxb2 Qg3+ 64. Kf1 Qxh3+ 65. Qg2 Qxf5
66. Qe2 Kg6 67. Kg2 Kf6 68. Qe8 Qc2+ 69. Kh3 Qf5+ 70. Kg2 Qe5 71. Qf8+ Ke6 72.
Qe8+ Kd5 73. Qb5+ Kd4 74. Qb2+ Kd5 75. Qb5+ Ke6 76. Qe8+ Kf6 77. Qf8+ Kg6 78.
Qg8+ Kh6 79. Qf8+ Qg7 80. Qf5 Qc7 81. Qf6+ Kh5 82. Qh8+ Kg6 83. Qg8+ Kh6 84.
Qh8+ Kg6 85. Qg8+ Kf6 86. Qh8+ Qg7 87. Qd8+ Qe7 88. Qd4+ Kg6 89. Qd3+ Kh6 90.
Qf5 Qd6 91. Qf7 Qg3+ 92. Kf1 Qh3+ 93. Kg1 Qg3+ 94. Kf1 Qe5 95. Kf2 Qb2+ 96. Kg1
Qg7 97. Qf5 Qc7 98. Qf6+ Kh5 99. Qh8+ Kg6 100. Qg8+ Kf6 101. Qf8+ Qf7 102. Qd6+
Kf5 103. Qd3+ Kf6 104. Qd4+ Kg6 105. Qe4+ Kg7 106. Kg2 Qc7 107. Qd4+ Kg6 108.
Qe4+ Kf6 109. Qd4+ Qe5 110. Qd8+ Kf5 111. Qf8+ Qf6 112. Qc5+ Kg6 113. Qc2+ Kh6
114. Qc8 Qf4 115. Qh8+ Kg6 116. Qg8+ Kf6 117. Qf8+ Ke5 1/2-1/2

[Event "North Urals Cup Women's Tournament 2008"]
[Site "Krasnoturinsk RUS"]
[Date "2008.07.31"]
[Round "4.2"]
[White "Sebag, Marie"]
[Black "Ushenina, Anna"]
[Result "1/2-1/2"]
[WhiteElo "2530"]
[BlackElo "2476"]
[PlyCount "96"]
[EventDate "2008.07.27"]
[EventType "tourn"]
[EventRounds "7"]
[EventCountry "RUS"]
[EventCategory "11"]
[Source "lmi"]
[SourceDate "2008.07.27"]

1. e4 c5 2. Nf3 Nc6 3. d4 cxd4 4. Nxd4 Nf6 5. Nc3 e5 6. Ndb5 d6 7. Bg5 a6 8.
Na3 b5 9. Bxf6 gxf6 10. Nd5 f5 11. Bd3 Be6 12. c3 Bg7 13. Nxb5 axb5 14. Bxb5
Bd7 15. exf5 O-O 16. O-O e4 17. a4 Re8 18. Qg4 Kh8 19. Rad1 Rb8 20. Rfe1 Qc8
21. Ne3 Ne5 22. Qxe4 Bxb5 23. axb5 Rxb5 24. Nd5 Rxb2 25. f6 Bf8 26. f4 Rb5 27.
c4 Rc5 28. fxe5 Rxc4 29. Qe3 dxe5 30. Kh1 Qg4 31. Ne7 Rc2 32. Qe4 Qxe4 33. Rxe4
Rd8 34. Rde1 Rd6 35. Rxe5 Rxf6 36. Nf5 h6 37. g4 Bb4 38. R1e2 Rxe2 39. Rxe2 h5
40. h3 hxg4 41. hxg4 Rc6 42. Re4 Bc3 43. g5 Rc5 44. Nd6 Kg7 45. Rg4 Kg6 46. Ne4
Rc4 47. Kg2 Bg7 48. Kf3 Rc1 1/2-1/2

[Event "North Urals Cup Women's Tournament 2008"]
[Site "Krasnoturinsk RUS"]
[Date "2008.07.31"]
[Round "4.3"]
[White "Cramling, Pia"]
[Black "Pogonina, Natalya"]
[Result "1/2-1/2"]
[WhiteElo "2544"]
[BlackElo "2469"]
[PlyCount "117"]
[EventDate "2008.07.27"]
[EventType "tourn"]
[EventRounds "7"]
[EventCountry "RUS"]
[EventCategory "11"]
[Source "lmi"]
[SourceDate "2008.07.27"]

1. d4 Nf6 2. c3 g6 3. Nf3 b6 4. Bg5 Bg7 5. Nbd2 Bb7 6. e3 O-O 7. Bd3 d5 8. Qb1
Nbd7 9. h3 Re8 10. Bf4 Nh5 11. Bh2 e5 12. dxe5 Nxe5 13. Be2 Nxf3+ 14. Nxf3 Nf6
15. O-O Ne4 16. Qc2 Qe7 17. Rad1 c5 18. Rfe1 Bc6 19. Nd2 Ng5 20. Nf3 d4 21.
cxd4 Bxf3 22. Bxf3 Nxf3+ 23. gxf3 cxd4 24. exd4 Qg5+ 25. Kf1 Qh4 26. Rxe8+ Rxe8
27. Kg2 Bxd4 28. Bg3 Qf6 29. Qa4 Rd8 30. Qxa7 Bxb2 31. Rxd8+ Qxd8 32. a4 Kg7
33. Qb7 Bd4 34. Qe4 Qf6 35. Bh4 Qd6 36. Be7 Qd7 37. Bb4 Qd8 38. Be7 Qd7 39. Bb4
Qd8 40. Bd2 h5 41. Bf4 Qf6 42. Bg3 Kh7 43. Qd5 Kg7 44. Qe4 Bc3 45. Bf4 Bd4 46.
Bd2 Qd6 47. Bg5 Qd7 48. Bf4 Kh7 49. Bg3 Bg7 50. Qc4 Kg8 51. Bf4 Bd4 52. Bg3 Bg7
53. Qb3 Bd4 54. Qc4 Bg7 55. Qe4 Bd4 56. Bf4 Kh7 57. Bg3 Kg8 58. Bf4 Kh7 59. Bg3
1/2-1/2

[Event "North Urals Cup Women's Tournament 2008"]
[Site "Krasnoturinsk RUS"]
[Date "2008.07.31"]
[Round "4.4"]
[White "Xu Yuhua"]
[Black "Koneru, Humpy"]
[Result "1/2-1/2"]
[WhiteElo "2483"]
[BlackElo "2622"]
[PlyCount "39"]
[EventDate "2008.07.27"]
[EventType "tourn"]
[EventRounds "7"]
[EventCountry "RUS"]
[EventCategory "11"]
[Source "lmi"]
[SourceDate "2008.07.27"]

1. e4 e5 2. Nf3 Nc6 3. Bb5 a6 4. Ba4 Nf6 5. O-O Be7 6. Re1 b5 7. Bb3 d6 8. c3
O-O 9. h3 Nb8 10. d4 Nbd7 11. Nbd2 Bb7 12. Bc2 c5 13. d5 g6 14. Nf1 Nh5 15. Bh6
Re8 16. Qd2 Bf8 17. Bg5 Be7 18. Bh6 Bf8 19. Bg5 Be7 20. Bh6 1/2-1/2

[Event "North Urals Cup Women's Tournament 2008"]
[Site "Krasnoturinsk RUS"]
[Date "2008.08.01"]
[Round "5.1"]
[White "Koneru, Humpy"]
[Black "Muzychuk, Anna"]
[Result "1/2-1/2"]
[WhiteElo "2622"]
[BlackElo "2504"]
[PlyCount "60"]
[EventDate "2008.07.27"]
[EventType "tourn"]
[EventRounds "7"]
[EventCountry "RUS"]
[EventCategory "11"]
[Source "lmi"]
[SourceDate "2008.07.27"]

1. d4 f5 2. g3 Nf6 3. Bg2 g6 4. Nf3 Bg7 5. c4 d6 6. d5 O-O 7. O-O a5 8. Nc3 Na6
9. Nd4 Nc5 10. b3 Bd7 11. Bb2 Qe8 12. a3 c6 13. b4 Nce4 14. Nxe4 Nxe4 15. Qc2
Qf7 16. f3 Nf6 17. dxc6 bxc6 18. Nb3 axb4 19. axb4 Rab8 20. Ra4 g5 21. Bc1 f4
22. gxf4 gxf4 23. Bxf4 Nd5 24. Bd2 Nf4 25. Bxf4 Qxf4 26. Qe4 Qxe4 27. fxe4
Rxf1+ 28. Bxf1 Bc3 29. Ra7 Bg4 30. e3 Rxb4 1/2-1/2

[Event "North Urals Cup Women's Tournament 2008"]
[Site "Krasnoturinsk RUS"]
[Date "2008.08.01"]
[Round "5.2"]
[White "Pogonina, Natalya"]
[Black "Xu Yuhua"]
[Result "1/2-1/2"]
[WhiteElo "2469"]
[BlackElo "2483"]
[PlyCount "41"]
[EventDate "2008.07.27"]
[EventType "tourn"]
[EventRounds "7"]
[EventCountry "RUS"]
[EventCategory "11"]
[Source "lmi"]
[SourceDate "2008.07.27"]

1. e4 e6 2. d4 d5 3. Nd2 c5 4. exd5 Qxd5 5. dxc5 Bxc5 6. Ngf3 Nf6 7. Bc4 Qd6 8.
O-O Qc7 9. Qe2 Nc6 10. Ne4 Be7 11. c3 b6 12. Bg5 Bb7 13. Rad1 O-O 14. Nxf6+
Bxf6 15. Bxf6 gxf6 16. Bd3 Kh8 17. Bxh7 Kxh7 18. Qe4+ Kh6 19. Qh4+ Kg7 20. Qg4+
Kh6 21. Qh4+ 1/2-1/2

[Event "North Urals Cup Women's Tournament 2008"]
[Site "Krasnoturinsk RUS"]
[Date "2008.08.01"]
[Round "5.3"]
[White "Ushenina, Anna"]
[Black "Cramling, Pia"]
[Result "0-1"]
[WhiteElo "2476"]
[BlackElo "2544"]
[PlyCount "71"]
[EventDate "2008.07.27"]
[EventType "tourn"]
[EventRounds "7"]
[EventCountry "RUS"]
[EventCategory "11"]
[Source "lmi"]
[SourceDate "2008.07.27"]

1. d4 Nf6 2. c4 c6 3. Nc3 d5 4. e3 e6 5. Nf3 a6 6. Qc2 Nbd7 7. b3 Bd6 8. Be2
O-O 9. Bb2 e5 10. dxe5 Nxe5 11. cxd5 cxd5 12. O-O Be6 13. Rac1 Rc8 14. Qd2 Nc6
15. Rfd1 Bb4 16. Qd3 Qe7 17. Ng5 Rfd8 18. Na4 h6 19. Nxe6 fxe6 20. Qg6 Bd6 21.
f4 Rf8 22. Bf3 Bb8 23. Kh1 Ba7 24. Re1 Qd6 25. Nc3 Rcd8 26. Rcd1 Ne7 27. Qd3
Qb8 28. Ne2 Qc8 29. Nd4 Qd7 30. e4 dxe4 31. Bxe4 Ng4 32. Qf3 e5 33. Nf5 Qxd1
34. Nxe7+ Kf7 35. Bg6+ Kxe7 36. Qxb7+ 0-1

[Event "North Urals Cup Women's Tournament 2008"]
[Site "Krasnoturinsk RUS"]
[Date "2008.08.02"]
[Round "6.1"]
[White "Muzychuk, Anna"]
[Black "Sebag, Marie"]
[Result "1/2-1/2"]
[WhiteElo "2504"]
[BlackElo "2530"]
[PlyCount "73"]
[EventDate "2008.07.27"]
[EventType "tourn"]
[EventRounds "7"]
[EventCountry "RUS"]
[EventCategory "11"]
[Source "lmi"]
[SourceDate "2008.07.27"]

1. e4 c5 2. Nf3 Nc6 3. Bb5 d6 4. O-O Bd7 5. Re1 Nf6 6. c3 a6 7. Bxc6 Bxc6 8. d4
cxd4 9. cxd4 Bxe4 10. Nc3 Bxf3 11. Qxf3 e6 12. Qxb7 Qc8 13. Qf3 Be7 14. Bg5 O-O
15. d5 e5 16. Ne4 Nxd5 17. Nxd6 Qe6 18. Bxe7 Nxe7 19. Ne4 Rac8 20. h3 Ng6 21.
Ng5 Qb6 22. Qb3 Qc6 23. Rad1 Rb8 24. Qf3 Qxf3 25. Nxf3 Rxb2 26. Nxe5 Nxe5 27.
Rxe5 Rxa2 28. Rd7 g6 29. Ree7 Rc2 30. Rd6 a5 31. Ra7 Ra2 32. Rda6 Rb8 33. Rf6
Rf8 34. Rfa6 Ra1+ 35. Kh2 Rf1 36. f3 Rd8 37. Ra8 1/2-1/2

[Event "North Urals Cup Women's Tournament 2008"]
[Site "Krasnoturinsk RUS"]
[Date "2008.08.02"]
[Round "6.3"]
[White "Xu Yuhua"]
[Black "Ushenina, Anna"]
[Result "0-1"]
[WhiteElo "2483"]
[BlackElo "2476"]
[PlyCount "90"]
[EventDate "2008.07.27"]
[EventType "tourn"]
[EventRounds "7"]
[EventCountry "RUS"]
[EventCategory "11"]
[Source "lmi"]
[SourceDate "2008.07.27"]

1. e4 c6 2. d4 d5 3. Nd2 dxe4 4. Nxe4 Bf5 5. Ng3 Bg6 6. h4 h6 7. Nf3 Nd7 8. h5
Bh7 9. Bd3 Bxd3 10. Qxd3 e6 11. Bd2 Ngf6 12. O-O-O Be7 13. Kb1 O-O 14. Qe2 Qb6
15. c4 Rfd8 16. Rhe1 a5 17. Ne5 c5 18. Bc3 cxd4 19. Bxd4 Bc5 20. Nxd7 Nxd7 21.
Qe3 Bxd4 22. Rxd4 Nf6 23. Red1 Rxd4 24. Rxd4 Rc8 25. a3 Qc6 26. Ne4 Nxh5 27. g4
Nf6 28. Nxf6+ gxf6 29. Qxh6 Qf3 30. Rf4 Qd3+ 31. Ka2 e5 32. Rxf6 Qxc4+ 33. Ka1
Qf1+ 34. Ka2 Rc1 35. Rg6+ fxg6 36. Qxg6+ Kf8 37. Qd6+ Ke8 38. Qb8+ Kd7 39.
Qxb7+ Kd6 40. Qb6+ Kd5 41. Qb7+ Kd4 42. Qb6+ Ke4 43. Qe3+ Kd5 44. Qf3+ Kc5 45.
Qe3+ Kc6 0-1

[Event "North Urals Cup Women's Tournament 2008"]
[Site "Krasnoturinsk RUS"]
[Date "2008.08.02"]
[Round "6.4"]
[White "Koneru, Humpy"]
[Black "Pogonina, Natalya"]
[Result "1-0"]
[WhiteElo "2622"]
[BlackElo "2469"]
[PlyCount "137"]
[EventDate "2008.07.27"]
[EventType "tourn"]
[EventRounds "7"]
[EventCountry "RUS"]
[EventCategory "11"]
[Source "lmi"]
[SourceDate "2008.07.27"]

1. d4 Nf6 2. c4 c5 3. d5 b5 4. cxb5 a6 5. bxa6 g6 6. Nc3 Bxa6 7. g3 d6 8. Bg2
Bg7 9. Nf3 O-O 10. O-O Nbd7 11. Rb1 Nb6 12. b3 Ng4 13. Bb2 Bb7 14. e4 Ba6 15.
Re1 Nd7 16. Na4 Bxb2 17. Nxb2 Qa5 18. Nd2 Nge5 19. Re3 Nf6 20. h3 Qb4 21. Qc2
Rfb8 22. Rbe1 Ned7 23. Nbc4 Bxc4 24. Nxc4 Ne5 25. a3 Qb5 26. a4 Qb4 27. Nxe5
dxe5 28. Rc1 Rc8 29. Bf1 Ne8 30. Qc3 f6 31. Bb5 Nd6 32. Bd7 Qxc3 33. Rcxc3 Rc7
34. Bc6 Ra5 35. f3 Rc8 36. Kf2 Rb8 37. Bb5 Nxb5 38. Rxc5 Kf7 39. Rxb5 Rbxb5 40.
axb5 Rxb5 41. Ke2 Ke8 42. Kd2 Kd7 43. Kc3 Kd6 44. Re1 Rc5+ 45. Kb2 f5 46. Ra1
fxe4 47. fxe4 Rc8 48. Rf1 Rb8 49. Rc1 Rf8 50. b4 Kd7 51. b5 Rf2+ 52. Kb3 e6 53.
dxe6+ Kxe6 54. b6 Kd7 55. Ka4 Ra2+ 56. Kb5 Ra3 57. Rc7+ Kd6 58. Rxh7 Rxg3 59.
Rh6 Kd7 60. Kc5 Ke6 61. b7 Rc3+ 62. Kb6 Rb3+ 63. Kc7 Rc3+ 64. Kd8 Rb3 65. Rxg6+
Kf7 66. Rd6 Rxb7 67. Rd7+ Rxd7+ 68. Kxd7 Kf6 69. Kd6 1-0

[Event "North Urals Cup Women's Tournament 2008"]
[Site "Krasnoturinsk RUS"]
[Date "2008.08.03"]
[Round "7.1"]
[White "Pogonina, Natalya"]
[Black "Muzychuk, Anna"]
[Result "1/2-1/2"]
[WhiteElo "2469"]
[BlackElo "2504"]
[PlyCount "71"]
[EventDate "2008.07.27"]
[EventType "tourn"]
[EventRounds "7"]
[EventCountry "RUS"]
[EventCategory "11"]
[Source "lmi"]
[SourceDate "2008.07.27"]

1. e4 c5 2. Nf3 e6 3. d4 cxd4 4. Nxd4 a6 5. Bd3 Ne7 6. O-O Nbc6 7. Nb3 Ng6 8.
f4 Be7 9. Be3 d6 10. a4 b6 11. N1d2 Qc7 12. c3 O-O 13. Qe2 Re8 14. Kh1 Bf6 15.
Qf2 Rb8 16. Rac1 b5 17. axb5 axb5 18. Nd4 Ba6 19. Ra1 Bxd4 20. Bxd4 Bc8 21. Be3
Nf8 22. b4 d5 23. exd5 exd5 24. Nb3 Bd7 25. Bc5 Ne6 26. f5 Nxc5 27. Nxc5 Ne5
28. Qd4 Rbd8 29. f6 Ng4 30. g3 Nxf6 31. Rxf6 gxf6 32. Qh4 f5 33. Qg5+ Kh8 34.
Qf6+ Kg8 35. Qg5+ Kh8 36. Qf6+ 1/2-1/2

[Event "North Urals Cup Women's Tournament 2008"]
[Site "Krasnoturinsk RUS"]
[Date "2008.08.03"]
[Round "7.2"]
[White "Ushenina, Anna"]
[Black "Koneru, Humpy"]
[Result "1/2-1/2"]
[WhiteElo "2476"]
[BlackElo "2622"]
[PlyCount "41"]
[EventDate "2008.07.27"]
[EventType "tourn"]
[EventRounds "7"]
[EventCountry "RUS"]
[EventCategory "11"]
[Source "lmi"]
[SourceDate "2008.07.27"]

1. d4 Nf6 2. c4 e6 3. Nc3 Bb4 4. Qc2 d5 5. a3 Bxc3+ 6. Qxc3 Ne4 7. Qc2 c5 8.
dxc5 Nc6 9. e3 Qa5+ 10. Bd2 Qxc5 11. b4 Qe7 12. Nf3 Nxd2 13. Qxd2 O-O 14. cxd5
Rd8 15. Bd3 exd5 16. O-O Bg4 17. Nd4 Nxd4 18. exd4 Qf6 19. Rac1 g6 20. Bb1 Rac8
21. Ba2 1/2-1/2

[Event "North Urals Cup Women's Tournament 2008"]
[Site "Krasnoturinsk RUS"]
[Date "2008.08.03"]
[Round "7.4"]
[White "Sebag, Marie"]
[Black "Cramling, Pia"]
[Result "1-0"]
[WhiteElo "2530"]
[BlackElo "2544"]
[PlyCount "122"]
[EventDate "2008.07.27"]
[EventType "tourn"]
[EventRounds "7"]
[EventCountry "RUS"]
[EventCategory "11"]
[Source "lmi"]
[SourceDate "2008.07.27"]

1. e4 c5 2. Nf3 e6 3. d4 cxd4 4. Nxd4 Nc6 5. Nc3 Qc7 6. Be3 a6 7. Qd2 Nf6 8.
O-O-O Be7 9. f3 h5 10. Kb1 b5 11. Qf2 Bb7 12. Nxc6 Bxc6 13. Bd3 b4 14. Ne2 e5
15. Bc5 d6 16. Bxb4 O-O 17. c4 Rab8 18. Bd2 Nd7 19. Nc3 Nc5 20. Be3 Qa5 21.
Bxc5 dxc5 22. Nd5 Bxd5 23. exd5 e4 24. Bxe4 Rb4 25. Qc2 Rfb8 26. b3 Qa4 27. Rd3
Rxc4 28. Rc3 Rxc3 29. Qxc3 Bf6 30. Qd2 c4 31. Qf4 Qb5 32. Rc1 cxb3 33. a4 Qe8
34. Qf5 Kf8 35. d6 Qe6 36. d7 Rd8 37. Qxe6 fxe6 38. Rc8 Ke7 39. Bc6 Kd6 40. a5
g5 41. Ba4 Ke7 42. Rc7 Bd4 43. Rc4 e5 44. Rb4 b2 45. Kc2 h4 46. h3 Kd6 47. Rc4
Rb8 48. Kb1 Rd8 49. Rc8 Ke7 50. Kc2 e4 51. fxe4 Be5 52. Rc5 Kd6 53. Rc8 Ke7 54.
Kb1 Bd4 55. Rc4 Be5 56. Rc5 Kd6 57. Rd5+ Ke6 58. Bd1 Kf6 59. Be2 Bc7 60. Bxa6
Ra8 61. Bb7 Ke7 1-0